Eusebio / (Record no. 160032)

MARC details
000 -LEADER
campo de control de longitud fija 00759nam a22001815i 4500
001 - NÚMERO DE CONTROL
campo de control 160032
003 - IDENTIFICADOR DE NÚMERO DE CONTROL
campo de control ES-MaACL
005 - FECHA Y HORA DE LA ÚLTIMA TRANSACCIÓN
campo de control 20230906211922.0
008 - DATOS DE LONGITUD FIJA--INFORMACIÓN GENERAL
campo de control de longitud fija 941007m17861788sp |||| | spa d
040 ## - FUENTE DE CATALOGACIÓN
Centro catalogador/agencia de origen CLM
Lengua de catalogación spa
080 ## - NÚMERO DE LA CLASIFICACIÓN DECIMAL UNIVERSAL
Número de la Clasificación Decimal Universal 821.134.2-31"17"
100 1# - ENTRADA PRINCIPAL--NOMBRE DE PERSONA
Nombre de persona Montengon, Pedro (
Fechas asociadas al nombre 1745-1824)
9 (RLIN) 130092
245 10 - MENCIÓN DEL TÍTULO
Título Eusebio /
Mención de responsabilidad, etc. sacada de las memorias que dexó el mismo por Don Pedro Montegon.
260 ## - PUBLICACIÓN, DISTRIBUCIÓN, ETC.
Lugar de publicación, distribución, etc. En Madrid :
Nombre del editor, distribuidor, etc. por Antonio de Sancha, se hallara en su imprenta ...,
Fecha de publicación, distribución, etc. 1786-1788.
300 ## - DESCRIPCIÓN FÍSICA
Extensión 4 pt. en 4 v.([4], 361, [1] p., [2] en bl. , [1] h. de lám. ; 381 p., [3] en bl. ; [4], 409 p., [3] en bl. ; 397 p., [3] en bl.) ;
Dimensiones 20 cm.
596 ## - NOTA AL PIE DE IMPRENTA
NOTA AL PIE DE IMPRENTA Marca tip. en port.
852 ## - LOCALIZACIÓN
Ubicación ES-MaACL
Número de control de estantería R-3174-77
Nota libre -- Enc. pasta española
Encuadernación Olim:G-11653-56
Holdings
Estatus retirado Estado de pérdida Estado de daño No para préstamo Colección Biblioteca de origen Biblioteca actual Ubicación en estantería Fecha de adquisición Total de préstamos Signatura topográfica completa Código de barras Visto por última vez Precio de reemplazo Tipo de ítem Koha
        Libros del s. XVIII Biblioteca del Ateneo de Madrid Biblioteca del Ateneo de Madrid Depósito 17/01/2008   R-3174-77 1167540 23/02/2023 23/02/2023 Libro impreso antiguo